Normal view
MARC view
Entry Personal Name
001 - CONTROL NUMBER
- control field: 161886
003 - CONTROL NUMBER IDENTIFIER
- control field: OSt
005 - DATE AND TIME OF LATEST TRANSACTION
- control field: 20220923212028.0
008 - FIXED-LENGTH DATA ELEMENTS
- fixed length control field: 220923|| aca||aabn | a|a d
040 ## - CATALOGING SOURCE
- Original cataloging agency: OSt
- Transcribing agency: OSt
100 ## - HEADING--PERSONAL NAME
- Personal name: अग्रवाल, वासुदेवशरण, संपा
670 ## - SOURCE DATA FOUND
- Source citation: Work cat.: (OSt)305694: अग्रवाल, वासुदेवशरण, संपा., हस्तलिखित हिंदी पुस्तको का संक्षिप्त विवरण सन् 19 -1955 ई तक
